DESIGN IN STRCUTURAL STEEL (Record no. 583899)

000 -LEADER
fixed length control field 00304nam a22001337a 4500
020 ## - INTERNATIONAL STANDARD BOOK NUMBER
International Standard Book Number 13-201921-3
082 ## - DEWEY DECIMAL CLASSIFICATION NUMBER
Classification number 669.142 LOT'D
100 ## - MAIN ENTRY--PERSONAL NAME
Personal name LOTHERS, JOHN E
9 (RLIN) 26896
245 ## - TITLE STATEMENT
Title DESIGN IN STRCUTURAL STEEL
250 ## - EDITION STATEMENT
Edition statement 3RD
260 ## - PUBLICATION, DISTRIBUTION, ETC.
Place of publication, distribution, etc. NEWJERSCY
Name of publisher, distributor, etc. PRENTICE HALL
Date of publication, distribution, etc. 1972
300 ## - PHYSICAL DESCRIPTION
Extent 561P
942 ## - ADDED ENTRY ELEMENTS (KOHA)
Koha item type Book
Holdings
Withdrawn status Lost status Damaged status Not for loan Permanent Location Current Location Shelving location Date acquired Total Checkouts Full call number Barcode Date last seen Price effective from Koha item type
        College of Electrical & Mechanical Engineering (CEME) College of Electrical & Mechanical Engineering (CEME) General Stacks 06/20/2017   669.142 LOT'D CEME-7699 06/28/2021 06/28/2021 Book
© 2023 Central Library, National University of Sciences and Technology. All Rights Reserved.